000 00262nam a2200109Ia 4500
008 200302s9999 xx 000 0 und d
100 _aElizabeth McMillian
245 _aLiving on the Water
260 _bThames and Hudson Ltd.
260 _c1998
300 _a177 P.,
999 _c1764
_d1764